[Event "Candidates FIDE m4"]
[Site "Wijk aan Zee"]
[Date "1994.??.??"]
[Round "1"]
[White "Salov, Valery"]
[Black "Khalifman, Alexander"]
[Result "1-0"]
[WhiteElo "2685"]
[BlackElo "2660"]
[Annotator "Salov,V"]
[PlyCount "121"]
[EventDate "1994.01.16"]
[EventType "match"]
[EventRounds "6"]
[EventCountry "NED"]
[SourceTitle "CBM 039"]
[Source "ChessBase"]
[SourceDate "1994.04.01"]
[SourceVersion "1"]
[SourceVersionDate "1994.04.01"]
[SourceQuality "1"]

1. d4 {Wolff Belov Hansen,LB} Nf6 2. c4 g6 3. g3 Bg7 4. Bg2 d5 5. Nf3 O-O 6.
O-O dxc4 7. Na3 c3 8. bxc3 c5 9. e3 Nc6 10. Qe2 Nd5 11. Bb2 Qa5 12. Rfc1 (12.
Rac1 {Belov} Bg4 $1 13. h3 Bxf3 14. Bxf3 Nb6 15. Qb5 (15. Nc4 Qxa2) (15. Bg2 {
Wolff} Rfd8 16. Qb5 Qxb5 17. Nxb5 Rac8 18. Rc2 a6 19. Na3 Na4 20. Ba1 b5 $15 {
Iskusnyh,S-Svidler,P URS-chJ 1992}) 15... Qxb5 16. Nxb5 Nc4 17. Rc2 Rac8 $15 {
Shabalov,A-Krasenkov,M/Gausdal/1991/0:1 (64) Inf 52/454/}) 12... Bg4 {?!
Hansen,LB; !? Wolff} 13. h3 Bxf3 14. Bxf3 Nb6 (14... e6 {Wolff} 15. Nc4 Qa6 16.
Nd6 Nxd4 17. cxd4 Qxd6 18. Rxc5 $14 {Sherbakov,R-Ebeling,M Helsinki 1992}) 15.
Nc4 (15. Rab1 {Belov} Rac8 16. Bg2 Rfd8 17. Qb5 Qxb5 18. Nxb5 Na4 19. Ba1 a6
20. Na3 b5 $17 {Petrosian,A-Belov,I/Moscow/1992/0,5 (40)/}) (15. Qb5 {Belov}
Qxb5 16. Nxb5 Nc4 17. Rc2 Rac8 18. dxc5 N6e5 19. Be2 Rxc5 $17) 15... Qa6 {
?! Wolff} (15... Nxc4 {Belov} 16. Qxc4 Rac8 17. Qb3 $1 Rc7 (17... Qc7 $6 18.
Ba3 b6 19. Bg2 e6 20. dxc5 bxc5 21. Rab1 $16 {Titenko,V-Belov,I/Moscow/1992/0,
5 (44)/}) 18. a4 b6 {Bandza,A-Belov,I/Karvina/1992/0,5 (32)/} 19. Bxc6 Rxc6 20.
Qb5 Qxb5 21. axb5 Rc7 22. Kf1 $14) (15... Qb5 $5 {Belov Hansen,LB} 16. Nxb6
Qxe2 17. Bxe2 axb6 18. a4 Na5 19. Rcb1 Nb3 20. Ra3 Nd2 21. Rd1 Ne4 22. Rda1 $1
Rfc8 23. Rb3 Rc6 24. Bf3 Nd2 $1 25. Bxc6 Nxb3 26. Bxb7 Rb8 27. Ra3 Nxd4 $1 $10
{Titenko,V-Belov,I/Moscow/1993/0,5 (32) Inf 58/501/}) 16. Nd2 $1 (16. Nxb6 axb6
$10) 16... Qxe2 17. Bxe2 cxd4 {? Hansen,LB} (17... Rac8 $142 $14 {Hansen,LB}) (
17... e5 $6 {Belov} 18. dxc5 Na4 19. Ba3 $16) (17... Rfd8 $5 {Belov} 18. Nb3
Na4 19. Ba3 (19. Nxc5 $2 Nxc5 20. dxc5 Rd2 $19) (19. Rab1 cxd4 20. cxd4 Nxb2
21. Rxb2 e5 $10) 19... cxd4 20. cxd4 e5 21. Bb5 Nb6 22. Bxc6 bxc6 23. Rxc6 exd4
24. exd4 Bxd4 25. Nxd4 Rxd4 26. Bb2 $14) 18. cxd4 e5 $1 19. dxe5 (19. d5 $5
Nxd5 20. Ne4 Nde7 21. Ba3 $44) 19... Nxe5 (19... Bxe5 $6 {Hansen,LB} 20. Bxe5
Nxe5 21. Rc7 $16 (21. Nb3 {Wolff} Rac8 22. Na5 Rxc1+ 23. Rxc1 Rd8 $1 {/\ ...
Rd2, ...Rd7} 24. Rd1 $1 (24. Nxb7 Rd2) 24... Rc8 $1 (24... Rxd1+ 25. Bxd1 $16 {
><b7}) 25. Nxb7 Rc2 26. Kf1 Rxa2 $132)) 20. Bd4 Rfc8 (20... Nc6 {Belov} 21.
Bxg7 Kxg7 22. Bf3 Rfc8 23. Nb3 Nd7 $14) 21. Nb3 $1 (21. Ne4 Rxc1+ 22. Rxc1 Rc8
23. Rc5 Ned7 $1) 21... Rxc1+ {?! Belov} (21... Nc6 {Belov} 22. Bxg7 Kxg7 23.
Nc5 Nd8 24. Bf3 Rc7 $14) 22. Rxc1 Rc8 {!? Wolff} 23. Rxc8+ (23. Bxe5 Bxe5 24.
Bf3 $14) 23... Nxc8 24. Na5 b6 $8 (24... Nc6 25. Bxg7 (25. Nxc6 bxc6 26. Bc5 (
26. Bxg7 {Wolff} Kxg7 $14 {/\ ...c5, ...Nb6, ...g5, ...h6, ...f6, ...Kf7-e7-d6}
) (26. Bf3 Bxd4 27. exd4 Ne7 28. Kf1 f6 29. Ke2 Kf7 30. Kd3 Ke6 31. Kc4 Kd6 32.
Kb4 Nf5 $1 $10) 26... Bf8 $1) 25... Nxa5 26. Bc3 $16) (24... Nd6 {Belov} 25.
Bxa7 $16) 25. Bxe5 {! Belov} Bxe5 26. Nc6 Bc3 $1 27. Ba6 Nd6 28. Nxa7 Kf8 (
28... h5 $5 {Hansen,LB Wolff}) (28... f5 $5 {Belov} 29. g4 Kf7) 29. Kf1 Ke7 30.
Ke2 Ke6 {פa7} (30... h5 $5 {Hansen,LB}) 31. g4 (31. Kd3 Be1) 31... Kd5 32. Kd3
Bb2 33. g5 Kc5 (33... Bg7 $5 {Hansen,LB /\h6}) 34. a4 f6 {?! Hansen,LB} (34...
Bg7 $5 {Hansen,LB /\h6}) (34... Kb4 {Belov} 35. f4 Kxa4 36. e4 Ka5 37. e5 $1
$16) 35. gxf6 Bxf6 36. Bb5 Bh4 (36... g5 $142 {Hansen,LB /\h6}) (36... Nxb5 {
Belov} 37. axb5 $5 Be5 38. f4 Bb8 39. Nc6 Bd6 40. Nd4 $16) 37. f3 Bf6 38. Bd7
Nc4 (38... g5 $5 {Belov}) 39. Bb5 Nd6 40. Bd7 Nc4 41. Be8 Nd6 42. Bb5 Nf7 $2 {
?! Belov} (42... g5 $5 {Hansen,LB /\h6}) (42... Nxb5 {Belov} 43. axb5 Be5 44.
f4) (42... Bh4 $5 {Belov}) 43. f4 $1 g5 (43... Nd6 44. e4 $18) 44. Nc6 gxf4 45.
exf4 Bh4 (45... Nd6 {Wolff} 46. Nb8 $1 Nxb5 47. Nd7+ Kb4 (47... Kd6 48. Nxf6
$18) 48. axb5 $1 Bd8 49. f5 $18) 46. Nb8 $1 {קb6} Kd6 {?! Belov} (46... Nd6 {
Belov} 47. Nd7+ Kb4 48. Nxb6 Nxb5 49. axb5 Kxb5 50. Nd5 Kc6 $16) 47. Nd7 Bd8 (
47... Bf2 48. Nf6 $18) (47... Kc7 {Belov} 48. Kd4 Nd6 49. Nf8 $18) 48. Nf8 h5 (
48... h6 {Hansen,LB} 49. Bc4 $18 {>< Nf7}) 49. Bc4 Nh6 (49... Ke7 {Hansen,LB}
50. Ng6+ (50. Bxf7 $2 Kxf8 $1 51. Bxh5 Kg7 $10) 50... Kf6 51. Bxf7 Kxf7 52.
Ne5+ Ke6 53. Ke4 $18) 50. Ke4 $1 $18 {פh6} Kc5 {?! Hansen,LB; ? Wolff} (50...
Bf6 $142 {Wolff}) 51. Ne6+ Kxc4 52. Nxd8 Kb4 (52... b5 53. axb5 Kxb5 54. f5 Kc5
55. Ke5 $18) 53. f5 Kxa4 54. f6 b5 55. f7 Nxf7 56. Nxf7 b4 57. Kd3 Ka3 (57...
b3 58. Kc3 Ka3 59. Ne5 Ka2 60. Nc4 h4 61. Nb2 Ka3 62. Nd3 $18) 58. Ne5 Kb2 59.
Kd2 b3 (59... Kb3 60. h4) 60. Nd3+ Ka3 61. Kc3 1-0